[Event "3MCR_4D_1L_2S"]
[Site "?"]
[Date "1999.??.??"]
[Round "2"]
[White "Hlavac, Frantisek"]
[Black "Trexler, Evzen"]
[Result "1/2-1/2"]
[WhiteElo "2200"]
[BlackElo "2335"]
[PlyCount "81"]
[EventDate "1999.??.??"]
[EventType "corr"]

1. e4 c5 2. f4 g6 3. Nf3 Bg7 4. Nc3 Nc6 5. Bb5 Nd4 6. O-O Nxb5 7. Nxb5 d6 8. d3
Bd7 9. Nc3 e6 10. Be3 Ne7 11. d4 c4 12. Qe2 Rc8 13. Rfe1 O-O 14. Bf2 Re8 15.
Bh4 Bc6 16. a4 Qb6 17. a5 Bxd4+ 18. Nxd4 Qxd4+ 19. Kh1 f5 20. Red1 Qg7 21. Bf2
fxe4 22. Nxe4 Nd5 23. Qd2 Qf8 24. Bd4 Rc7 25. Rf1 Rf7 26. Kg1 b6 27. axb6 axb6
28. Rae1 Rf5 29. b3 cxb3 30. cxb3 e5 31. fxe5 dxe5 32. Rxf5 gxf5 33. Qg5+ Kh8
34. Bb2 fxe4 35. Bxe5+ Rxe5 36. Qxe5+ Qf6 37. Rxe4 Qxe5 38. Rxe5 Kg7 39. Re6
Nb4 40. g4 b5 41. Kf2 1/2-1/2

[Event "3MCR_4D_1L_2S"]
[Site "?"]
[Date "1999.??.??"]
[Round "2"]
[White "Vrkoc, David"]
[Black "Hlavac, Frantisek"]
[Result "1/2-1/2"]
[WhiteElo "2195"]
[BlackElo "2200"]
[PlyCount "62"]
[EventDate "1999.??.??"]
[EventType "corr"]

1. c4 e5 2. g3 Nf6 3. Bg2 c6 4. Nc3 d5 5. cxd5 cxd5 6. Qb3 Nc6 7. Nxd5 Nd4 8.
Nxf6+ gxf6 9. Qd1 Qc7 10. Kf1 Nc2 11. Rb1 Be6 12. b3 Rc8 13. Bb2 Ba3 14. e3 Bf5
15. Ne2 Bxb2 16. Rxb2 Nb4 17. Nc3 Qd7 18. Bf3 Bh3+ 19. Kg1 O-O 20. Qe2 Rfd8 21.
a3 Nd5 22. Na2 Rc7 23. Bg2 Rdc8 24. Qd1 Kh8 25. Qb1 Bf5 26. Be4 Bxe4 27. Qxe4
Qh3 28. Rb1 Qe6 29. Rb2 Qh3 30. Rb1 Qe6 31. Rb2 Qh3 1/2-1/2

[Event "3MCR_4D_1L_2S"]
[Site "?"]
[Date "1999.??.??"]
[Round "2"]
[White "Matousek, Jan_st."]
[Black "Pesa, Ladislav"]
[Result "1-0"]
[WhiteElo "2240"]
[BlackElo "2340"]
[PlyCount "91"]
[EventDate "1999.??.??"]
[EventType "corr"]

1. d4 Nf6 2. c4 c5 3. d5 e6 4. Nc3 exd5 5. cxd5 d6 6. Nf3 g6 7. e4 Bg7 8. h3
O-O 9. Bd3 b5 10. Bxb5 Nxe4 11. Nxe4 Qa5+ 12. Nfd2 Qxb5 13. Nxd6 Qa6 14. N2c4
Rd8 15. Bf4 Nd7 16. O-O Nb6 17. Nxb6 axb6 18. Qd2 b5 19. Nxc8 Qxc8 20. Rfc1 c4
21. d6 Qc6 22. a3 Ra6 23. Bg3 Bf8 24. Rd1 h6 25. Rac1 Qb6 26. Qe2 Raa8 27. Qe4
Ra7 28. Rd5 Rad7 29. Rcd1 Bg7 30. R1d2 Qc6 31. Be5 Re8 32. Qd4 Bxe5 33. Rxe5
Red8 34. Rd5 Kh7 35. Qe5 Rb7 36. Qc3 Rdd7 37. Kh2 Rb8 38. Qe5 Qb6 39. Rc5 Qd8
40. Rc6 Rb6 41. Rxb6 Qxb6 42. f4 Qb8 43. f5 Qb6 44. Qe8 Qd8 45. Qxd8 Rxd8 46.
Kg3 1-0

[Event "3MCR_4D_1L_2S"]
[Site "?"]
[Date "1999.??.??"]
[Round "2"]
[White "Trexler, Evzen"]
[Black "Pfeifer, Miroslav"]
[Result "1/2-1/2"]
[WhiteElo "2335"]
[BlackElo "2255"]
[PlyCount "80"]
[EventDate "1999.??.??"]
[EventType "corr"]

1. e4 e5 2. Nf3 Nc6 3. Bb5 f5 4. Nc3 fxe4 5. Nxe4 Nf6 6. Qe2 d5 7. Nxf6+ gxf6
8. d4 Bg7 9. dxe5 O-O 10. Bxc6 bxc6 11. e6 Re8 12. Be3 Bxe6 13. Nd4 Qd6 14. O-O
Bd7 15. Qf3 Qe5 16. c3 Bf8 17. Bf4 Qe4 18. Qg3+ Qg6 19. Bxc7 c5 20. Nb3 Qxg3
21. hxg3 Re2 22. Rfd1 Bc6 23. Rab1 Kf7 24. Re1 Rae8 25. Rxe2 Rxe2 26. Bb8 a5
27. Ba7 a4 28. Nxc5 Bb5 29. g4 Bd6 30. a3 Kg6 31. f3 h5 32. gxh5+ Kxh5 33. Nb7
Bc7 34. Rd1 Bc4 35. Bc5 Rxb2 36. Nd6 Rc2 37. Nxc4 dxc4 38. Rd5+ Kg6 39. Bd4 Bf4
40. Ra5 Rc1+ 1/2-1/2

[Event "3MCR_4D_1L_2S"]
[Site "?"]
[Date "1999.??.??"]
[Round "2"]
[White "Trexler, Evzen"]
[Black "Sohr, Vladimir"]
[Result "1/2-1/2"]
[WhiteElo "2335"]
[BlackElo "2255"]
[PlyCount "86"]
[EventDate "1999.??.??"]
[EventType "corr"]

1. e4 e5 2. Nf3 Nc6 3. Bb5 a6 4. Ba4 Nf6 5. O-O Be7 6. Re1 b5 7. Bb3 O-O 8. c3
d6 9. h3 Bb7 10. d4 Re8 11. Nbd2 Bf8 12. d5 Nb8 13. Nf1 Nbd7 14. Ng3 g6 15. Be3
Nc5 16. Bc2 c6 17. b4 Ncd7 18. dxc6 Bxc6 19. Bb3 Nb6 20. Qd3 Qc7 21. Ng5 Nc4
22. Bxc4 bxc4 23. Qxc4 Qb7 24. Bd2 Rac8 25. Qd3 h6 26. Nf3 d5 27. exd5 Bxd5 28.
Rxe5 Rxe5 29. Nxe5 Bxg2 30. Kh2 Be4 31. Nxe4 Nxe4 32. f4 Nxd2 33. Qxd2 Qc7 34.
Rg1 Bg7 35. Rg3 Bxe5 36. fxe5 Qxe5 37. Qe3 Qf5 38. Qe2 Rd8 39. Rf3 Qd7 40. a3
Qc7+ 41. Kg2 Rd5 42. Qxa6 Rd2+ 43. Rf2 Qxc3 1/2-1/2

[Event "3MCR_4D_1L_2S"]
[Site "?"]
[Date "1999.??.??"]
[Round "2"]
[White "Pesa, Ladislav"]
[Black "Urbanek, Stepan"]
[Result "1/2-1/2"]
[WhiteElo "2340"]
[BlackElo "2405"]
[PlyCount "71"]
[EventDate "1999.??.??"]
[EventType "corr"]

1. Nf3 c5 2. c4 Nf6 3. g3 d5 4. cxd5 Nxd5 5. Bg2 Nc6 6. Nc3 Nc7 7. O-O e5 8. d3
Be7 9. Nd2 Bd7 10. Nc4 O-O 11. Bxc6 Bxc6 12. Nxe5 Be8 13. Qb3 b6 14. Be3 Kh8
15. Rfd1 f6 16. Nf3 Bf7 17. Qa4 Nd5 18. Nxd5 Bxd5 19. Bf4 Qc8 20. e4 Bc6 21.
Qb3 Qg4 22. Ne1 Rad8 23. Rac1 Qd7 24. Qc2 f5 25. Nf3 Qe6 26. Ne5 Bb7 27. Qc4
Qf6 28. d4 Bd6 29. Qc3 Bxe4 30. dxc5 Bxc5 31. b4 Bd6 32. Rd4 Qe6 33. Rxd6 Rxd6
34. Nf7+ Qxf7 35. Bxd6 Re8 36. Be5 1/2-1/2

[Event "3MCR_4D_1L_2S"]
[Site "?"]
[Date "1999.??.??"]
[Round "2"]
[White "Pesa, Ladislav"]
[Black "Zatloukal, Petr"]
[Result "1/2-1/2"]
[WhiteElo "2340"]
[BlackElo "2000"]
[PlyCount "94"]
[EventDate "1999.??.??"]
[EventType "corr"]

1. d4 Nf6 2. Nf3 g6 3. g3 Bg7 4. Bg2 O-O 5. O-O d5 6. c4 c6 7. cxd5 Nxd5 8. e4
Nc7 9. Nc3 Bg4 10. Be3 Qd6 11. Qd2 Nd7 12. e5 Qb4 13. Ne1 Bf5 14. Nd3 Bxd3 15.
Qxd3 Rad8 16. Qc2 Nb6 17. a3 Qc4 18. b3 Qe6 19. Rad1 Nbd5 20. Nxd5 Nxd5 21. Bc1
Qd7 22. Rfe1 Nc7 23. Qc4 Nd5 24. a4 f5 25. Qc5 b6 26. Qc4 e6 27. Ba3 Rfe8 28.
Rc1 Rc8 29. Rc2 a5 30. Rec1 Bh6 31. f4 g5 32. Bxd5 exd5 33. Qf1 gxf4 34. gxf4
Kh8 35. Kh1 Rg8 36. Re1 Qe6 37. Bc1 Rg4 38. Be3 Rcg8 39. Rec1 c5 40. Rd2 cxd4
41. Rxd4 Bf8 42. Rd3 Bc5 43. Bxc5 bxc5 44. h3 Qh6 45. Rf3 Rc8 46. Qf2 d4 47.
Kh2 Rc6 1/2-1/2

[Event "3MCR_4D_1L_2S"]
[Site "?"]
[Date "1999.??.??"]
[Round "2"]
[White "Kopec, Ladislav"]
[Black "Pesa, Ladislav"]
[Result "1/2-1/2"]
[WhiteElo "2280"]
[BlackElo "2340"]
[PlyCount "97"]
[EventDate "1999.??.??"]
[EventType "corr"]

1. e4 Nf6 2. e5 Nd5 3. d4 d6 4. Nf3 g6 5. Bc4 Nb6 6. Bb3 Bg7 7. Ng5 e6 8. Qf3
Qe7 9. Ne4 dxe5 10. Bg5 Qb4+ 11. c3 Qa5 12. Nf6+ Kf8 13. d5 e4 14. Qg3 Na6 15.
dxe6 Bxe6 16. Bxe6 h6 17. Bh4 g5 18. Nh5 Rg8 19. Bb3 gxh4 20. Qxh4 Nc5 21. Nd2
Nd3+ 22. Kf1 Nxb2 23. Nxg7 Rxg7 24. Qxh6 Qf5 25. Re1 Nd3 26. Re2 Re8 27. h3 Nd5
28. g4 Qf6 29. Qxf6 Nxf6 30. Bc2 Nc1 31. Re3 Nxa2 32. Bb1 Nc1 33. Nxe4 Nxe4 34.
Bxe4 b6 35. Ke1 a5 36. Kd1 Nb3 37. Rhe1 Nc5 38. Bf5 Rxe3 39. Rxe3 Nb7 40. f4
Nd6 41. Bd3 f5 42. Rg3 b5 43. Be2 Rh7 44. gxf5 Rh4 45. Bg4 Ne4 46. Re3 Nf2+ 47.
Kc2 Nxg4 48. hxg4 Rxg4 49. Re5 1/2-1/2

[Event "3MCR_4D_1L_2S"]
[Site "?"]
[Date "1999.??.??"]
[Round "2"]
[White "Pesa, Ladislav"]
[Black "Pfeifer, Miroslav"]
[Result "1/2-1/2"]
[WhiteElo "2340"]
[BlackElo "2255"]
[PlyCount "90"]
[EventDate "1999.??.??"]
[EventType "corr"]

1. Nf3 Nf6 2. d4 d5 3. g3 Bf5 4. Bg2 e6 5. O-O Be7 6. c4 c6 7. Nc3 Nbd7 8. Nh4
Bg4 9. h3 Bh5 10. Qb3 Qb6 11. g4 Bg6 12. Nxg6 hxg6 13. Bf4 dxc4 14. Qxc4 Nd5
15. Bc1 Qc7 16. Nxd5 exd5 17. Bxd5 Rxh3 18. Bxf7+ Kd8 19. f4 Rg3+ 20. Kh2 Rxg4
21. Rf3 Qa5 22. Be6 Qh5+ 23. Rh3 Rh4 24. Bd2 g5 25. Rg1 Kc7 26. Bg4 Rxh3+ 27.
Bxh3 Nb6 28. Qe6 Re8 29. Qg4 Qxg4 30. Bxg4 Bd6 31. Bf3 Nc4 32. Bc1 Ne3 33. Bxe3
Rxe3 34. Kh3 Bxf4 35. Kg4 a5 36. Rd1 a4 37. Rd3 Kd6 38. Kf5 g6+ 39. Kxg6 Rxd3
40. exd3 g4 41. Bxg4 Kd5 42. Bc8 b5 43. Kf5 Bc1 44. b3 a3 45. b4 Bd2 1/2-1/2

[Event "3MCR_4D_1L_2S"]
[Site "?"]
[Date "1999.??.??"]
[Round "2"]
[White "Galuska, Josef"]
[Black "Hlavac, Frantisek"]
[Result "0-1"]
[WhiteElo "2335"]
[BlackElo "2200"]
[PlyCount "70"]
[EventDate "1999.??.??"]
[EventType "corr"]

1. d4 Nf6 2. c4 g6 3. Nc3 Bg7 4. e4 d6 5. f3 O-O 6. Be3 e5 7. Nge2 c6 8. Qd2
Nbd7 9. O-O-O a6 10. Kb1 b5 11. Nc1 exd4 12. Bxd4 Re8 13. Bf2 Bf8 14. Nb3 Bb7
15. h4 b4 16. Ne2 c5 17. Nf4 a5 18. h5 a4 19. Nc1 a3 20. hxg6 hxg6 21. Bd3 axb2
22. Qxb2 Bg7 23. Bh4 Qe7 24. Rh3 Nb6 25. Rdh1 Na4 26. Bxf6 Qxf6 27. Qxf6 Bxf6
28. Nfe2 Nb2 29. Nf4 Ra3 30. g4 Be5 31. g5 Rea8 32. Rh7 Bc6 33. R7h4 R8a7 34.
Be2 Na4 35. Nfd3 Nc3+ 0-1

[Event "3MCR_4D_1L_2S"]
[Site "?"]
[Date "1999.??.??"]
[Round "2"]
[White "Kopec, Ladislav"]
[Black "Hlavac, Frantisek"]
[Result "1/2-1/2"]
[WhiteElo "2280"]
[BlackElo "2200"]
[PlyCount "75"]
[EventDate "1999.??.??"]
[EventType "corr"]

1. e4 Nf6 2. e5 Nd5 3. d4 d6 4. Nf3 dxe5 5. Nxe5 Nd7 6. Nf3 e6 7. g3 b6 8. c4
N5f6 9. Bg2 Bb7 10. O-O Bd6 11. Nc3 a6 12. Rb1 O-O 13. b4 b5 14. c5 Be7 15. Qc2
Nd5 16. Ne4 Bc6 17. Neg5 N5f6 18. Re1 Nb8 19. Bb2 Bd5 20. Bc3 Nc6 21. a3 Qe8
22. Ne5 Bxg2 23. Kxg2 h6 24. Ngf3 Nd5 25. Bd2 Bf6 26. Re4 Rd8 27. Ng4 Nce7 28.
Rbe1 Qc6 29. Kg1 Nf5 30. Qc1 Kh7 31. h3 Qb7 32. Kh2 Be7 33. Qc2 Kg8 34. Nge5
Nf6 35. Rf4 Nd5 36. Rfe4 Nf6 37. Rf4 Nd5 38. Rfe4 1/2-1/2

[Event "3MCR_4D_1L_2S"]
[Site "?"]
[Date "1999.??.??"]
[Round "2"]
[White "Hlavac, Frantisek"]
[Black "Pfeifer, Miroslav"]
[Result "1-0"]
[WhiteElo "2200"]
[BlackElo "2255"]
[PlyCount "89"]
[EventDate "1999.??.??"]
[EventType "corr"]

1. e4 e5 2. Nc3 Nc6 3. Bc4 Nf6 4. d3 Bb4 5. Bg5 h6 6. Bxf6 Bxc3+ 7. bxc3 Qxf6
8. Ne2 Ne7 9. Qd2 g5 10. Qe3 b6 11. f3 Bb7 12. d4 O-O-O 13. Qd3 Kb8 14. Ba6 Ba8
15. a4 Nc6 16. O-O exd4 17. cxd4 Nb4 18. Qc4 Nxa6 19. Qxa6 Bb7 20. Qd3 a5 21.
c4 Ba6 22. Nc3 Qc6 23. Nb5 d6 24. Rab1 Rhe8 25. Rf2 g4 26. d5 Qc5 27. fxg4 Re5
28. Kf1 h5 29. Rxf7 Re7 30. Rf4 hxg4 31. Qd4 Bxb5 32. Qxc5 dxc5 33. axb5 Rh8
34. Kg1 Reh7 35. Rxg4 Rxh2 36. Rg8+ Rxg8 37. Kxh2 Kc8 38. Kh3 Rh8+ 39. Kg4 Rg8+
40. Kf3 Rf8+ 41. Ke3 Rg8 42. Rg1 Kd7 43. g4 Kd6 44. g5 Ke5 45. g6 1-0

[Event "3MCR_4D_1L_2S"]
[Site "?"]
[Date "1999.??.??"]
[Round "2"]
[White "Zatloukal, Petr"]
[Black "Odehnal, Miroslav"]
[Result "1-0"]
[WhiteElo "2000"]
[BlackElo "2450"]
[PlyCount "93"]
[EventDate "1999.??.??"]
[EventType "corr"]

1. e4 c5 2. Nc3 Nc6 3. g3 g6 4. Bg2 Bg7 5. d3 d6 6. Be3 e6 7. Qd2 Nge7 8. Bh6
O-O 9. h4 f6 10. Bxg7 Kxg7 11. h5 g5 12. h6+ Kh8 13. f4 gxf4 14. gxf4 Rg8 15.
O-O-O Nd4 16. Nf3 Bd7 17. e5 Bc6 18. Ne4 dxe5 19. fxe5 Bxe4 20. dxe4 Nec6 21.
Nxd4 cxd4 22. Bh3 Qe7 23. exf6 Qxf6 24. e5 Qg6 25. Rhf1 Raf8 26. Rxf8 Rxf8 27.
Bg2 d3 28. cxd3 Nxe5 29. Bxb7 Ng4 30. Rg1 e5 31. Bd5 Rf4 32. Qc3 Qf5 33. Qc5 a6
34. Be4 Qe6 35. Kb1 Nxh6 36. Qc7 Qf7 37. Qxe5+ Qf6 38. Qb8+ Qf8 39. Qa7 Rf1+
40. Rxf1 Qxf1+ 41. Kc2 Nf7 42. Qxa6 Ng5 43. a4 Qf2+ 44. Kb3 Nxe4 45. Qa8+ Kg7
46. Qxe4 h5 47. a5 1-0

[Event "3MCR_4D_1L_2S"]
[Site "?"]
[Date "1999.??.??"]
[Round "2"]
[White "Urbanek, Stepan"]
[Black "Zatloukal, Petr"]
[Result "0-1"]
[WhiteElo "2405"]
[BlackElo "2000"]
[PlyCount "70"]
[EventDate "1999.??.??"]
[EventType "corr"]

1. d4 Nf6 2. c4 g6 3. Nc3 Bg7 4. e4 d6 5. Be2 O-O 6. Bg5 h6 7. Be3 e5 8. d5
Nbd7 9. Qd2 Nc5 10. f3 Nh5 11. O-O-O Kh7 12. g3 a5 13. f4 exf4 14. Bxc5 f3 15.
Bxf3 dxc5 16. Bxh5 gxh5 17. Nf3 Bg4 18. Rdf1 f5 19. exf5 Rxf5 20. Qd3 Kg8 21.
Nd2 Qf6 22. Qe3 b6 23. Rxf5 Bxf5 24. Rf1 Rf8 25. Re1 Bd7 26. Rf1 Qg5 27. Rxf8+
Kxf8 28. Qf3+ Kg8 29. Qd3 Bd4 30. Qe2 h4 31. gxh4 Qxh4 32. Nb5 Bg7 33. Nc3 Qd4
34. Nf3 Qf4+ 35. Nd2 Be5 0-1

[Event "3MCR_4D_1L_2S"]
[Site "?"]
[Date "1999.??.??"]
[Round "2"]
[White "Matousek, Jan_ml."]
[Black "Sohr, Vladimir"]
[Result "1-0"]
[WhiteElo "2240"]
[BlackElo "2255"]
[PlyCount "77"]
[EventDate "1999.??.??"]
[EventType "corr"]

1. d4 Nf6 2. c4 g6 3. Nc3 Bg7 4. e4 d6 5. f3 O-O 6. Be3 e5 7. Nge2 c6 8. Qd2
Nbd7 9. O-O-O a6 10. Kb1 b5 11. Nc1 Re8 12. d5 b4 13. N3e2 cxd5 14. cxd5 Nb6
15. Qxb4 Rb8 16. Ng3 a5 17. Qd2 a4 18. a3 Re7 19. Na2 Reb7 20. Nb4 Bd7 21. Ba6
Rc7 22. Rc1 Ne8 23. Rhd1 Rxc1+ 24. Rxc1 Nc7 25. Bd3 Nba8 26. Ne2 f5 27. Nc6
Bxc6 28. Rxc6 f4 29. Bf2 Qg5 30. g3 Qh5 31. Ba7 Rb7 32. Rxd6 Bf8 33. Rd8 fxg3
34. Bc5 gxh2 35. Rxf8+ Kg7 36. Ng3 h1=Q+ 37. Nxh1 Qxh1+ 38. Ka2 Qh4 39. Bc4 1-0

[Event "3MCR_4D_1L_2S"]
[Site "?"]
[Date "1999.??.??"]
[Round "2"]
[White "Sohr, Vladimir"]
[Black "Zatloukal, Petr"]
[Result "0-1"]
[WhiteElo "2255"]
[BlackElo "2000"]
[PlyCount "92"]
[EventDate "1999.??.??"]
[EventType "corr"]

1. e4 c6 2. d4 d5 3. Nc3 dxe4 4. Nxe4 Bf5 5. Ng3 Bg6 6. h4 h6 7. Nf3 Nd7 8. h5
Bh7 9. Bd3 Bxd3 10. Qxd3 Ngf6 11. Bf4 Qa5+ 12. Bd2 Qc7 13. O-O-O e6 14. Qe2
O-O-O 15. Ne5 Nb6 16. Ba5 Rd5 17. Bxb6 axb6 18. Kb1 Bd6 19. c4 Ra5 20. f4 Rd8
21. Rd3 Qe7 22. Rhd1 Bc7 23. Ne4 b5 24. c5 Nd5 25. Qf3 Ra4 26. Ra3 Rxa3 27.
Qxa3 Kb8 28. Qf3 Qe8 29. Nd3 Ne7 30. Nb4 Qg8 31. Nc2 g6 32. hxg6 Qxg6 33. g3
Nf5 34. Rd3 h5 35. a3 h4 36. g4 Ne7 37. Nf2 Nd5 38. f5 exf5 39. Qxf5 Qxf5 40.
gxf5 Re8 41. Rh3 Bg3 42. Nd3 Re2 43. Kc1 Kc7 44. Kd1 Re4 45. Ne5 Ne3+ 46. Nxe3
Rxd4+ 0-1

[Event "3MCR_4D_1L_2S"]
[Site "?"]
[Date "1999.??.??"]
[Round "2"]
[White "Zacek, Jiri"]
[Black "Sohr, Vladimir"]
[Result "1/2-1/2"]
[WhiteElo "2305"]
[BlackElo "2255"]
[PlyCount "86"]
[EventDate "1999.??.??"]
[EventType "corr"]

1. d4 Nf6 2. c4 g6 3. Nc3 Bg7 4. e4 d6 5. Be2 O-O 6. Bg5 h6 7. Bf4 Nc6 8. Nf3
Nd7 9. d5 Nce5 10. Nxe5 Nxe5 11. Be3 c5 12. f4 Nd7 13. O-O Qa5 14. Qd2 Kh7 15.
Rac1 a6 16. Qd3 Rb8 17. Bd2 b5 18. cxb5 axb5 19. Nxb5 Qxa2 20. Bc3 Bxc3 21.
bxc3 Nf6 22. Ra1 c4 23. Rxa2 cxd3 24. Bxd3 Nxe4 25. Re1 Nc5 26. Bc4 Bd7 27. Nd4
Rfe8 28. Rae2 Kg7 29. Rxe7 Rxe7 30. Rxe7 Rb1+ 31. Kf2 Kf6 32. Re3 Rc1 33. Bb5
Bf5 34. Kf3 h5 35. h3 h4 36. Be2 Bd7 37. c4 Ra1 38. Nb3 Nxb3 39. Rxb3 Bf5 40.
Ke3 Ra2 41. Rc3 Be4 42. Kxe4 Rxe2+ 43. Kf3 Rd2 1/2-1/2

[Event "3MCR_4D_1L_2S"]
[Site "?"]
[Date "1999.??.??"]
[Round "2"]
[White "Galuska, Josef"]
[Black "Pesa, Ladislav"]
[Result "1/2-1/2"]
[WhiteElo "2335"]
[BlackElo "2340"]
[PlyCount "106"]
[EventDate "1999.??.??"]
[EventType "corr"]

1. d4 Nf6 2. c4 c5 3. d5 b5 4. cxb5 a6 5. bxa6 Bxa6 6. Nc3 d6 7. e4 Bxf1 8.
Kxf1 g6 9. g3 Bg7 10. Kg2 O-O 11. Nf3 Nbd7 12. Re1 Ra7 13. h3 Qa8 14. Qc2 Rb8
15. b3 Ne8 16. Bb2 Nc7 17. a4 Qb7 18. Nd2 Ra6 19. Nd1 Bxb2 20. Nxb2 e6 21. dxe6
Nxe6 22. Qc3 Ne5 23. f4 Nc6 24. Kh2 Nb4 25. Nd3 Nd4 26. Nxb4 Qxb4 27. Re3 Rab6
28. Rb1 Qxc3 29. Rxc3 f6 30. Kg2 Kf7 31. e5 fxe5 32. fxe5 dxe5 33. Rxc5 Nxb3
34. Nxb3 Rxb3 35. Rxb3 Rxb3 36. Rxe5 Kf6 37. Rb5 Ra3 38. a5 Ra2+ 39. Kf3 Ra3+
40. Kf2 g5 41. Rc5 h5 42. h4 gxh4 43. gxh4 Kg6 44. Rg5+ Kh6 45. Rd5 Kg6 46. Kg2
Ra4 47. Rg5+ Kh6 48. Kg3 Ra3+ 49. Kf4 Ra4+ 50. Kf3 Rxh4 51. Rg8 Ra4 52. Ra8 Kg7
53. a6 h4 1/2-1/2

[Event "3MCR_4D_1L_2S"]
[Site "?"]
[Date "1999.??.??"]
[Round "2"]
[White "Pfeifer, Miroslav"]
[Black "Kopec, Ladislav"]
[Result "1/2-1/2"]
[WhiteElo "2255"]
[BlackElo "2280"]
[PlyCount "100"]
[EventDate "1999.??.??"]
[EventType "corr"]

1. e4 c5 2. f4 Nc6 3. Nf3 e6 4. Bb5 Nge7 5. O-O d5 6. Nc3 a6 7. Bxc6+ Nxc6 8.
d3 Be7 9. Kh1 O-O 10. Ne5 Qd6 11. Nxc6 Qxc6 12. exd5 exd5 13. Qf3 Rd8 14. Re1
Bf8 15. Re5 f6 16. Rxd5 Re8 17. Qf2 b5 18. Rh5 g6 19. Rh4 Bb7 20. Bd2 f5 21.
Rg1 b4 22. Nd1 Qa4 23. b3 Qxa2 24. Bc1 a5 25. Rh3 a4 26. bxa4 Rxa4 27. Bb2 Ra6
28. Be5 c4 29. Re3 cxd3 30. Rxd3 Qe6 31. Rd2 Ra2 32. Re1 Be4 33. Qe2 Bg7 34.
Bxg7 Kxg7 35. Kg1 Qc8 36. Ne3 Qc5 37. Qf2 Bc6 38. Rde2 Kf7 39. h3 Bb5 40. Rd2
b3 41. Rd5 Qb6 42. Kh2 bxc2 43. Qh4 Kg8 44. Nxf5 Rxe1 45. Qxe1 gxf5 46. Rxf5
Ra7 47. Qb4 Rf7 48. Rxb5 Qxb5 49. Qxb5 c1=Q 50. Qg5+ Kf8 1/2-1/2

[Event "3MCR_4D_1L_2S"]
[Site "?"]
[Date "1999.??.??"]
[Round "2"]
[White "Pfeifer, Miroslav"]
[Black "Vrkoc, David"]
[Result "1/2-1/2"]
[WhiteElo "2255"]
[BlackElo "2195"]
[PlyCount "73"]
[EventDate "1999.??.??"]
[EventType "corr"]

1. e4 c5 2. f4 g6 3. Nf3 Bg7 4. Nc3 Nc6 5. Bb5 Nd4 6. O-O Nxb5 7. Nxb5 d6 8. a4
Nf6 9. d3 O-O 10. Qe1 d5 11. e5 Ne8 12. Qh4 b6 13. a5 Qd7 14. Nc3 Bb7 15. d4
cxd4 16. Nxd4 Nc7 17. Re1 e6 18. Qf2 b5 19. Nf3 Rfc8 20. Be3 a6 21. Bc5 Ne8 22.
Ne2 f5 23. c3 h6 24. Bb4 Qf7 25. Ned4 Rc7 26. Rad1 Bc8 27. Rd3 Bf8 28. Bxf8
Qxf8 29. b4 Raa7 30. Qg3 Rg7 31. Kh1 Raf7 32. Qh4 Rh7 33. Nb3 Nc7 34. Nfd4 Rfg7
35. Nc5 g5 36. Qf2 Qe7 37. Rf1 1/2-1/2

[Event "3MCR_4D_1L_2S"]
[Site "?"]
[Date "1999.??.??"]
[Round "2"]
[White "Trexler, Evzen"]
[Black "Kopec, Ladislav"]
[Result "1-0"]
[WhiteElo "2335"]
[BlackElo "2280"]
[PlyCount "97"]
[EventDate "1999.??.??"]
[EventType "corr"]

1. e4 c5 2. Nf3 e6 3. d4 cxd4 4. Nxd4 a6 5. Bd3 d5 6. exd5 Qxd5 7. O-O Nf6 8.
Nc3 Qd8 9. Ne4 Be7 10. Nxf6+ Bxf6 11. c3 Bd7 12. Qh5 Nc6 13. Nb3 h6 14. Nc5 Qc7
15. Be4 Rd8 16. Be3 Na5 17. Rad1 Bc8 18. Rxd8+ Bxd8 19. Nd3 Nc4 20. Bf4 Qe7 21.
Ne5 Nxe5 22. Qxe5 O-O 23. Qd4 Bc7 24. Bxc7 Qxc7 25. Rd1 e5 26. Qd6 Qxd6 27.
Rxd6 Re8 28. c4 Kf8 29. c5 Re7 30. b4 Ke8 31. Kf1 f5 32. Bd5 Rd7 33. Re6+ Re7
34. Rxe7+ Kxe7 35. Ke2 Kd8 36. g4 Kc7 37. Ke3 g5 38. Bc4 a5 39. a3 Kc6 40. Bd3
f4+ 41. Ke4 axb4 42. axb4 Bxg4 43. Kxe5 Bf3 44. Bc4 Bh5 45. Bd5+ Kc7 46. Kf6
Be8 47. Bf7 Bd7 48. Kg6 Kc6 49. Bc4 1-0

[Event "3MCR_4D_1L_2S"]
[Site "?"]
[Date "1999.??.??"]
[Round "2"]
[White "Pesa, Ladislav"]
[Black "Sohr, Vladimir"]
[Result "1-0"]
[WhiteElo "2340"]
[BlackElo "2255"]
[PlyCount "101"]
[EventDate "1999.??.??"]
[EventType "corr"]

1. d4 Nf6 2. Nf3 d5 3. g3 c5 4. Bg2 e6 5. O-O Nc6 6. c4 Be7 7. cxd5 exd5 8. Nc3
O-O 9. Bg5 cxd4 10. Nxd4 h6 11. Be3 Re8 12. Rc1 Bf8 13. Nxc6 bxc6 14. Na4 Bd7
15. Bc5 Bxc5 16. Nxc5 Bf5 17. e3 Rb8 18. Qd2 Qb6 19. b3 Rbc8 20. Na4 Qb7 21.
Qa5 Nd7 22. Nc5 Nxc5 23. Rxc5 Bd7 24. Rfc1 Rb8 25. Qa4 Re7 26. Ra5 Be8 27. h3
Qb6 28. Ra6 Qb7 29. Qa5 Kh7 30. Qa3 Kh8 31. Rc5 Rd8 32. Rca5 Ra8 33. Qc5 f6 34.
b4 Rc7 35. e4 Bf7 36. a3 dxe4 37. Bxe4 Bd5 38. Bxd5 cxd5 39. Qxd5 Qxd5 40. Rxd5
Re8 41. Rad6 Kg8 42. Kg2 Kf7 43. Rd7+ Re7 44. Rxc7 Rxc7 45. Ra5 Ke6 46. Kf3 g6
47. Kf4 Rc4+ 48. Ke3 Rc3+ 49. Kd4 Rc7 50. Ra6+ Kf5 51. b5 1-0

[Event "3MCR_4D_1L_2S"]
[Site "?"]
[Date "1999.??.??"]
[Round "2"]
[White "Odehnal, Miroslav"]
[Black "Vrkoc, David"]
[Result "1/2-1/2"]
[WhiteElo "2450"]
[BlackElo "2195"]
[PlyCount "84"]
[EventDate "1999.??.??"]
[EventType "corr"]

1. d4 Nf6 2. c4 e6 3. Nc3 c5 4. d5 exd5 5. cxd5 d6 6. Nf3 g6 7. h3 Bg7 8. e4
O-O 9. Bd3 Re8 10. O-O c4 11. Bc2 b5 12. a3 a6 13. Bf4 Qb6 14. Qd2 Nbd7 15.
Rfe1 Bb7 16. Rad1 Rac8 17. Bh6 Bh8 18. Be3 Nc5 19. Bd4 Qd8 20. Nh2 h5 21. Nf3
Qe7 22. Qf4 Nfd7 23. Bxh8 Kxh8 24. Qh6+ Kg8 25. Ng5 Qf6 26. f4 Qg7 27. Qxg7+
Kxg7 28. Rf1 Rb8 29. Nf3 Bc8 30. Nd4 Rb6 31. Rfe1 b4 32. axb4 Rxb4 33. Rb1 Nd3
34. Bxd3 cxd3 35. Nc6 Rb6 36. Na5 Rb4 37. Nc6 Rc4 38. Na5 Rc5 39. Nb3 Rc7 40.
Nd2 Nc5 41. Rec1 Bd7 42. b4 Nb7 1/2-1/2

[Event "3MCR_4D_1L_2S"]
[Site "?"]
[Date "1999.??.??"]
[Round "2"]
[White "Urbanek, Stepan"]
[Black "Vrkoc, David"]
[Result "1/2-1/2"]
[WhiteElo "2405"]
[BlackElo "2195"]
[PlyCount "72"]
[EventDate "1999.??.??"]
[EventType "corr"]

1. d4 Nf6 2. c4 e6 3. Nc3 c5 4. d5 exd5 5. cxd5 d6 6. e4 g6 7. f4 Bg7 8. Nf3
O-O 9. Be2 Bg4 10. O-O Nbd7 11. a4 Re8 12. h3 Bxf3 13. Bxf3 c4 14. Be3 Qa5 15.
Bd4 Nc5 16. e5 Nfd7 17. e6 fxe6 18. Bxg7 Kxg7 19. dxe6 Nf6 20. f5 Nd3 21. Qd2
h6 22. b3 Rac8 23. bxc4 Rxc4 24. Qxd3 Qc5+ 25. Kh1 Rxc3 26. Qb5 b6 27. g4 gxf5
28. gxf5 Re7 29. Rae1 Qxb5 30. axb5 Kf8 31. Rc1 Rc5 32. Rxc5 dxc5 33. h4 Rc7
34. Rc1 Ke7 35. Kg2 Ne8 36. Kg3 c4 1/2-1/2

[Event "3MCR_4D_1L_2S"]
[Site "?"]
[Date "1999.??.??"]
[Round "2"]
[White "Galuska, Josef"]
[Black "Trexler, Evzen"]
[Result "1/2-1/2"]
[WhiteElo "2335"]
[BlackElo "2335"]
[PlyCount "97"]
[EventDate "1999.??.??"]
[EventType "corr"]

1. d4 Nf6 2. c4 g6 3. Nc3 Bg7 4. e4 d6 5. Nf3 O-O 6. Be2 e5 7. O-O Nc6 8. d5
Ne7 9. Nd2 a5 10. a3 Nd7 11. Rb1 f5 12. b4 axb4 13. axb4 Nf6 14. c5 fxe4 15.
Ndxe4 Bf5 16. f3 Kh8 17. Bc4 b6 18. Be3 Bc8 19. Qd3 Nf5 20. Bf2 bxc5 21. bxc5
Nd4 22. cxd6 cxd6 23. Nxf6 Qxf6 24. Ne4 Qd8 25. Rb2 Qc7 26. Rfb1 Ra4 27. Bb5
Ra5 28. Bc6 Bf5 29. Rb7 Qd8 30. Qd2 Ra6 31. Bb5 Nxb5 32. R7xb5 Qa8 33. Qb4 Bxe4
34. fxe4 Bh6 35. h3 Ra1 36. Rb6 Kg8 37. Rxa1 Qxa1+ 38. Qb1 Qa7 39. Qb2 Bg5 40.
g3 Bc1 41. Qc2 Rxf2 42. Qxf2 Ba3 43. Rc6 Bc5 44. Rxc5 dxc5 45. d6 Qa1+ 46. Kg2
Qd1 47. Qa2+ Kg7 48. Qa7+ Kh6 49. Qxc5 1/2-1/2

[Event "3MCR_4D_1L_2S"]
[Site "?"]
[Date "1999.??.??"]
[Round "2"]
[White "Matousek, Jan_ml."]
[Black "Odehnal, Miroslav"]
[Result "0-1"]
[WhiteElo "2240"]
[BlackElo "2450"]
[PlyCount "94"]
[EventDate "1999.??.??"]
[EventType "corr"]

1. d4 Nf6 2. c4 e6 3. Nc3 Bb4 4. e3 O-O 5. Nf3 d5 6. Bd3 c5 7. O-O Nc6 8. a3
Bxc3 9. bxc3 dxc4 10. Bxc4 Qc7 11. Be2 b6 12. Qc2 Na5 13. Qb2 Bb7 14. Ne5 Rac8
15. f3 Rfd8 16. Bd2 Ne8 17. Rfd1 Nd6 18. Be1 f6 19. Ng4 Qe7 20. e4 f5 21. exf5
Nxf5 22. Bf2 cxd4 23. cxd4 Nc6 24. Rd2 Qg5 25. Rad1 Nce7 26. g3 Nd5 27. Re1 Nc3
28. Ne5 Nxe2+ 29. Rdxe2 Nd6 30. Qb4 Bd5 31. Be3 Qf6 32. Bf4 Nc4 33. Rf2 Qf8 34.
Bg5 Re8 35. Qxf8+ Rxf8 36. f4 Nxa3 37. Ra1 Nb5 38. Rb2 Nxd4 39. Rxa7 h6 40. Be7
Rc1+ 41. Kf2 Rfc8 42. Rd7 Rh1 43. Ke3 Nc2+ 44. Kd3 Rxh2 45. Rd8+ Rxd8 46. Bxd8
Ne1+ 47. Kc3 Rh3 0-1